| 000 | 00396 a2200157 4500 | ||
|---|---|---|---|
| 999 |
_c321302 _d321302 |
||
| 001 | 86229 | ||
| 003 | NUST | ||
| 005 | 20180122100247.0 | ||
| 008 | 180122b xxu||||| |||| 00| 0 eng d | ||
| 020 | _a9789693508680 | ||
| 082 | _a070.442 TAR | ||
| 100 |
_aMustansar Hussian Tarar _99433 |
||
| 245 |
_aHazaron Hain Shikway _cMustansar Hussian Tarar |
||
| 250 | _a1st | ||
| 260 |
_aLahore _bSang e Meel _c2012 |
||
| 300 | _a371p. | ||
| 500 | _aGeneral Collection | ||
| 942 |
_aCAE NUST _cBK _k070.442 TAR _2ddc |
||